Countries that Speak English - Statistics

General Stats
  • This quiz has been taken 74 times
  • The average score is 44 of 56
Answers on the Map
Answers color-coded by a green-red scale on the quiz's map according to % correct below.
 
Answer Stats
Country % Correct
Canada
100%
United Kingdom
100%
United States
100%
Australia
98%
New Zealand
95%
South Africa
95%
Ireland
93%
India
92%
Nigeria
85%
Zimbabwe
82%
Belize
80%
Botswana
80%
Kenya
80%
Namibia
80%
Palau
80%
Saint Kitts and Nevis
80%
Zambia
80%
Bahamas
79%
Federated States of Micronesia
79%
Fiji
79%
Guyana
79%
Nauru
79%
Pakistan
79%
Saint Lucia
79%
Samoa
79%
Singapore
79%
Trinidad and Tobago
79%
Antigua and Barbuda
77%
Barbados
77%
Jamaica
77%
Malta
77%
Marshall Islands
77%
Papua New Guinea
77%
Saint Vincent and the Grenadines
77%
Solomon Islands
77%
Tonga
77%
Tuvalu
77%
Uganda
77%
Vanuatu
77%
Grenada
75%
Lesotho
75%
Dominica
74%
Liberia
74%
Philippines
74%
Rwanda
74%
Seychelles
74%
Ghana
72%
Tanzania
72%
Eswatini
69%
Malawi
69%
Sierra Leone
69%
Burundi
67%
Cameroon
67%
Gambia
64%
South Sudan
64%
Sudan
62%
No matching quizzes found
Score Distribution
Percent of People with Each Score
Percentile by Number Answered
Your Score History
You have not taken this quiz